000 010180000a22002890004500
003 EG-GICUC
005 20250223032913.0
008 070405s2003 ua f m 000 0 Eng d
040 _aEG-GICUC
_beng
_cEG-GICUC
041 0 _aEng
049 _aDeposite
097 _aM.A
099 _aCai01.02.12.M.A.2003.In.A
100 0 _aInas Mohamed Aly
245 1 4 _aThe archetype in some selected plays by Peter Shaffer /
_cInas Mohamed Aly ; Supervised Mona A.Elhalawany
246 1 5 _aالانماط الفطرية فى بعض الاعمال المختارة للكاتب المسرحى بيتر شافر
260 _aCairo :
_bInas Mohamed Aly ,
_c2003
300 _a132P ;
_c25cm
502 _aThesis (M.A.) - Cairo University - Faculty Of Arts - Department Of English
530 _aIssued also as CD
653 4 _aPeter Shaffer
700 0 _aMona Ahmed Elhalawany ,
_eSupervisor
856 _uhttp://172.23.153.220/th.pdf
905 _aEsam
_eRevisor
905 _aNazla
_eCataloger
942 _2ddc
_cTH
999 _c83984
_d83984